Coupe du Monde Rugby: Italie - Statistiques

Statistiques générales
  • Ce quiz a été pris 81 fois
  • Le résultat moyen est 17 sur 19
Statistiques - réponses
Réponse % Correct
France
100%
Nouvelle-Zélande
100%
Ecosse
99%
Irlande
99%
Afrique du Sud
97%
Angleterre
97%
Australie
96%
Pays de Galles
96%
Argentine
93%
Etats-Unis
93%
Fidji
89%
Namibie
87%
Tonga
87%
Canada
85%
Portugal
83%
Uruguay
83%
Roumanie
80%
Samoa Occidentales
80%
Russie
77%
Aucun quiz correspondant
Distribution des résultats
% des personnes avec chaque résultat
Percentile par nombre de réponses
Votre historique - résultats
Vous n’avez pas pris ce quiz